| 000 | 00773nam a2200217 i 4500 | ||
|---|---|---|---|
| 001 | 91185 | ||
| 003 | ES-MaACL | ||
| 005 | 20230906180648.0 | ||
| 007 | t| | ||
| 008 | 050127s1945 ag a ||||1|bspa d | ||
| 080 | _a929 Lerroux, Alejandro | ||
| 080 | _a946"1931/39"(093.32) | ||
| 100 | 1 |
_aLerroux, Alejandro, _d1864-1949 _9227246 |
|
| 245 | 1 | 3 |
_aLa pequeña historia _b: apuntes para la historia grande / _cvividos y redactados por el autor, A. Lerroux. |
| 260 |
_aBuenos Aires : _bCimera, _c[1945] ( _fImp.Balmes) |
||
| 300 |
_aXVI, 618 p. : _bil. ; _c20 cm. |
||
| 600 | 1 | 4 |
_aLerroux, Alejandro, _d1864-1949 _9227246 |
| 651 | 4 |
_aEspaña- _xHistoria- _y1931-1939, II República- _vRelatos personales. _98290 |
|
| 852 |
_aES-MaACL _jB-10566 |
||
| 999 |
_c91185 _d91185 |
||